Aquafit: un entrenamiento global de fuerza, resistencia, coordinación y movilidad
Zapisane w:
| Główni autorzy: | , , |
|---|---|
| Format: | Książka |
| Język: | hiszpański |
| Wydane: |
Barcelona
Paidotribo
2008
|
| Wydanie: | 1a. ed |
| Hasła przedmiotowe: | |
| Etykiety: |
Dodaj etykietę
Nie ma etykietki, Dołącz pierwszą etykiete!
|
MARC
| LEADER | 00000nam a2200000 a 4500 | ||
|---|---|---|---|
| 001 | UCG3371 | ||
| 003 | CL-VaPUC | ||
| 008 | 100826e20080000SP |||||||||||||||||spa|d | ||
| 020 | |a 9788480190275 | ||
| 082 | 0 | 4 | |a 613.71 |b WES |2 21 |
| 100 | 0 | |a Wessinghage, Thomas |e author |9 552449 | |
| 700 | 0 | |a Ryffel, Markus |e author |9 552450 | |
| 700 | 0 | |a Belz, Valentin |e author |9 552451 | |
| 245 | 1 | 0 | |a Aquafit: un entrenamiento global de fuerza, resistencia, coordinación y movilidad |
| 250 | |a 1a. ed | ||
| 300 | |a 177 p | ||
| 942 | |c BK | ||
| 945 | |d 20100826 00:00:00 |a mfarfan | ||
| 260 | |a Barcelona |b Paidotribo |c 2008 | ||
| 650 | 0 | |a Natación |9 307454 | |
| 650 | 7 | |a FITNESS |2 CL-VaPUC |9 469781 | |
| 650 | 0 | |a Actividad física |9 362156 | |
| 650 | 7 | |a ENTRENAMIENTO FISICO |2 CL-VaPUC |9 307393 | |
| 650 | 7 | |a EJERCICIOS EN EL AGUA |2 CL-VaPUC |9 552452 | |
| 583 | |a last modification |c 20100826 00:00:00 |k Rodrigo Vera | ||
| 999 | |c 342440 |d 342438 | ||
| 952 | |0 0 |1 0 |4 0 |6 613_710000000000000_WES_2008 |7 0 |8 C |9 438631 |a BIBCUR |b BIBCUR |d 2019-11-22 |i 4708598 |l 1 |o 613.71 WES 2008 |p 4708598 |r 2025-04-22 |s 2025-01-06 |w 2019-11-22 |y BK |k DEN | ||
| 952 | |0 0 |1 0 |4 0 |6 613_710000000000000_WES_2008 |7 0 |8 A |9 438632 |a BIBEDU |b BIBEDU |d 2019-11-22 |i 473291K |o 613.71 WES 2008 |p 473291K |r 2019-11-22 |w 2019-11-22 |y BK |k EFI | ||